00339nam a2200145Ia 4500008004100000020001500041041000800056082001600064100001900080245002600099250000600125260003200131300000800163650002200171210716s2004 xx 000 0 und d a8176497177 aeng a153.43 POKS aPokras, Sandy. aTeam problem solving. a1 aNew DelhibViva Booksc2004 a132 aGeneral Knowledge